Répliques de films drôle - Statistiques

Statistiques générales
  • Ce quiz a été pris 1 363 fois
  • Le résultat moyen est 8 sur 15
Statistiques - réponses
répliques films % Correct
Merci, la gueuse ! Tu es un laideron mais tu es bien bonne. Les Visiteurs
84%
Pas de bras pas d'chocolat ! Intouchables
77%
C'est trop calme. J'aime pas trop beaucoup ça. J'préfère quand c'est un peu trop plus moins calme. Astérix et Obélix mission Cléopatre
69%
Ca va être tout noir ! Ta gueule ! RRRrrr
65%
Pas de pierre pas de construction, pas de construction pas de palais, pas de palais...pas de palais ! Astérix et Obélix mission Cléopâtre
64%
Il s'appelle Juste Leblanc. Ah bon, il n'a pas de prénom ? Je viens de vous le dire Juste Leblanc… Votre prénom c’est François, c’est juste ? Eh bien lui c’est pareil, c’est Juste. Le dîner de cons
62%
Messire ! Un Sarrasin dans une charriote du diable ! Les Visiteurs
62%
Vous êtes juif ? Comment, Salomon, vous êtes juif ? Salomon est juif ! Oh ! Les aventures de Rabbi Jacob
59%
C'est le Noooooord ! Bienvenue chez les Ch'tis
58%
Excusez-moi mais vous êtes en train d'uriner sur ma voiture ! Les Bronzés font du ski
56%
Tant que t'as po mal au cul, tu peux toujours t'assouère eud'ssu ! Bienvenue chez les Cht'is
38%
C'est fin, c'est très fin, ça se mange sans faim. Le père noël est une ordure
37%
Si j'connaissais l'con qu'a fait sauter l'pont ! La 7ème compagnie
31%
J'm'appelle Pierre, Pierre: B.L.O.N.D! RRRrrr
25%
Y a pas d'hélice hélas. C'est là qu'est l'os ! La grande vadrouille
24%
Aucun quiz correspondant
Distribution des résultats
% des personnes avec chaque résultat
Percentile par nombre de réponses
Votre historique - résultats
Vous n’avez pas pris ce quiz